Countries by Emoji Hints 🌍 - Statistics

General Stats
  • This quiz has been taken 45 times
  • The average score is 8 of 10
Answer Stats
Hint Answer % Correct
πŸ¦˜πŸŒπŸ‡¦πŸ‡Ί Australia
100%
πŸ—»πŸ£πŸ‰ Japan
100%
πŸ₯–πŸŽ¨πŸ—Ό France
98%
🏰🍺🎢 Germany
98%
πŸ•πŸ•ŒπŸ›΅ Italy
93%
πŸ•‰οΈπŸ˜πŸŒΆοΈ India
88%
πŸœοΈπŸ«πŸ•Œ Saudi Arabia
67%
πŸ”οΈπŸ§€πŸ₯¨ Austria
57%
πŸŒ‹πŸ§‰βš½ Argentina
43%
πŸ”₯🦁🌍 Kenya
33%
No matching quizzes found
Score Distribution
Percent of People with Each Score
Percentile by Number Answered
Your Score History
You have not taken this quiz